| 000 | 00390nam a2200145 a 4500 | ||
|---|---|---|---|
| 005 | 20140412111409.0 | ||
| 008 | 070706s19uu xx 00 eng d | ||
| 020 | _a0-86611-880-2 | ||
| 050 |
_aER _bAl11 1993 |
||
| 100 | _aLarkin, Rochelle | ||
| 245 |
_aAladdin / _cRochelle Larkin. |
||
| 260 |
_aChina : _bCreative child press, _c1993. |
||
| 440 | _aFavorite fairy tales | ||
| 999 |
_c105618 _d105618 |
||